| 000 | 00450nam a2200169Ia 4500 | ||
|---|---|---|---|
| 003 | LK-CoDNM | ||
| 005 | 20240228141504.0 | ||
| 008 | 010623t1887 xxu||||| |||| 00| 1 sin d | ||
| 040 |
_aLK-CoDNM _dLK-CoDNM _eLK-CoDNM |
||
| 041 | _asin | ||
| 080 | _a104 W7 | ||
| 245 | _aවැදගත් දැනුමැතිකම් | ||
| 246 | _aPlain words | ||
| 260 |
_bCeylon Tract Society _aColombo _c1887 |
||
| 300 |
_bDamaged _a4p., 17 cm |
||
| 942 | _cBK | ||
| 999 |
_c82855 _d82855 |
||